| 000 | 00781nam a2200217 a 4500 | ||
|---|---|---|---|
| 005 | 20231024063631.0 | ||
| 008 | 991125s1996 mx 000 0 spa u | ||
| 035 | _aUPN01000010582 | ||
| 049 | _aTES | ||
| 099 | _a13647 | ||
| 100 | 1 | _aChávez López, Roberto | |
| 245 | 1 | 0 |
_aConcepto de área y su aplicación en la resolución de problemas cotidianos / _cRoberto Chávez López. |
| 260 |
_aAguscalientes : _bR. Chávez López, _c1996. |
||
| 300 |
_a45, [10] h. : _bil. |
||
| 500 | _a"Unidad 011" | ||
| 502 | _aTesina (Lic. en Educación Básica) -- Universidad Pedagógica Nacional, 1996 | ||
| 650 | 4 |
_aGeometría _xEstudio y enseñanza (Elemental) _94869 |
|
| 710 | 2 |
_aUniversidad Pedagógica Nacional (México). _bUnidad 011 _928311 |
|
| 905 | _aTesis | ||
| 999 |
_c10582 _d10582 |
||